A comparison between women and men : Tarabai Shinde and the critique of gender relations in colonial India (Record no. 340115)

MARC details
000 -LEADER
fixed length control field 00769nam a2200229Ia 4500
008 - FIXED-LENGTH DATA ELEMENTS--GENERAL INFORMATION
fixed length control field 191130s1994##################000#0#eng##
020 ## - INTERNATIONAL STANDARD BOOK NUMBER
International Standard Book Number 9780195632668
040 ## - CATALOGING SOURCE
Original cataloging agency ACL
Transcribing agency ACL
082 ## - DEWEY DECIMAL CLASSIFICATION NUMBER
Classification number 306.70954 OHA
100 ## - MAIN ENTRY--PERSONAL NAME
Personal name Ohanlon, Rosalind
245 ## - TITLE STATEMENT
Title A comparison between women and men : Tarabai Shinde and the critique of gender relations in colonial India
Statement of responsibility, etc. Rosalind Ohanlon
260 ## - PUBLICATION, DISTRIBUTION, ETC.
Place of publication, distribution, etc. Oxford
Name of publisher, distributor, etc. Oxford University Press
Date of publication, distribution, etc. 1994
300 ## - PHYSICAL DESCRIPTION
Extent 147 p. ; 23 cm
500 ## - GENERAL NOTE
General note includes bibliographical reference (p.[139-144)and index
650 ## - SUBJECT ADDED ENTRY--TOPICAL TERM
Topical term or geographic name entry element Domestic relations
Topical term or geographic name entry element India
Topical term or geographic name entry element Sex discrimination against women
Topical term or geographic name entry element Women-Social conditions
990 ## - EQUIVALENCES OR CROSS-REFERENCES [LOCAL, CANADA]
Link information for 9XX fields caa0da08ac10000c41b08ab28df08e98
991 ## -
-- 361397
Holdings
Withdrawn status Lost status Materials specified (bound volume or other part) Damaged status Not for loan Home library Current library Shelving location Date acquired Total Checkouts Full call number Barcode Date last seen Price effective from Koha item type
    hbk     Anna Centenary Library Anna Centenary Library 3RD FLOOR, B WING 15.10.2020   306.70954 OHA 279051 15.10.2020 15.10.2020 English Books

Find us on the map